Suplemento del cálculo infinitesimal (Record no. 147996)

MARC details
000 -LEADER
campo de control de longitud fija 00553nam a2200169 4500
001 - NÚMERO DE CONTROL
campo de control 147996
003 - IDENTIFICADOR DE NÚMERO DE CONTROL
campo de control ES-MaACL
005 - FECHA Y HORA DE LA ÚLTIMA TRANSACCIÓN
campo de control 20230906202355.0
007 - CAMPO FIJO DE DESCRIPCIÓN FÍSICA--INFORMACIÓN GENERAL
campo de control de longitud fija t|
008 - DATOS DE LONGITUD FIJA--INFORMACIÓN GENERAL
campo de control de longitud fija 070214s1981 sp r ||||1| spa d
100 1# - ENTRADA PRINCIPAL--NOMBRE DE PERSONA
Nombre de persona Spivak, Michael.
9 (RLIN) 107777
245 10 - MENCIÓN DEL TÍTULO
Título Suplemento del cálculo infinitesimal
Resto del título : calculus /
Mención de responsabilidad, etc. Michael Spivak ; versión de Bartolomé Frontera Marqués.
260 ## - PUBLICACIÓN, DISTRIBUCIÓN, ETC.
Lugar de publicación, distribución, etc. Barcelona :
Nombre del editor, distribuidor, etc. Reverté,
Fecha de publicación, distribución, etc. 1981.
300 ## - DESCRIPCIÓN FÍSICA
Extensión 298 p. :
Otras características físicas il. ;
Dimensiones 22 cm.
700 1# - ENTRADA AGREGADA--NOMBRE PERSONAL
Nombre de persona Frontera Marqués, Bartolomé.
9 (RLIN) 52743
852 ## - LOCALIZACIÓN
Ubicación ES-MaACL
Número de control de estantería L-1992
Sublocalización o colección R.102864
Holdings
Estatus retirado Estado de pérdida Estado de daño No para préstamo Biblioteca de origen Biblioteca actual Ubicación en estantería Fecha de adquisición Fuente de adquisición Total de préstamos Signatura topográfica completa Código de barras Visto por última vez Precio de reemplazo Tipo de ítem Koha
        Biblioteca del Ateneo de Madrid Biblioteca del Ateneo de Madrid Depósito 2 17/01/2008     L-1992 1154450 23/02/2023 23/02/2023 Libro impreso